[Event "Vikings GM 2nd"]
[Site "York"]
[Date "2000.12.22"]
[Round "10"]
[White "Wells, Peter K"]
[Black "Rowson, Jonathan"]
[Result "0-1"]
[WhiteElo "2506"]
[BlackElo "2494"]
[Annotator "Wells,P"]
[PlyCount "82"]
[EventDate "2000.12.13"]
[EventType "tourn"]
[EventRounds "10"]
[EventCountry "ENG"]
[EventCategory "12"]
[SourceTitle "CBM 081"]
[Source "ChessBase"]
[SourceDate "2001.03.20"]
[SourceVersion "1"]
[SourceVersionDate "2001.03.20"]
[SourceQuality "1"]

1. d4 Nf6 2. c4 e6 {I didn't exactly expect a Grunfeld, ( Jonathan's recent
opening choices against me suggest a certain respect for my forthcoming book
on the subject! ) but somehow, although this was the obvious choice I had not
sufficiently focussed on it in my preparation.} 3. Nc3 Bb4 4. Nf3 b6 5. Bg5 h6
6. Bh4 Bb7 ({Last year against Tiger, Jonathan had sought to avoid the
fashionable 7 Nd2 system by first playing} 6... g5 7. Bg3 Ne4 {and only later .
..Bb7. Lets just say that is one thing I did really have covered.}) 7. Nd2 {
Fashionable. The idea is two-fold. Firstly white cuts out systems with ...g5
and Ne4, which are a serious option against the 'standard' 7 e3.  Secondly in
the case that black follows the other main defensive recipe of ...Bxc3+, ...d6,
...e5 and ...Qe7 etc. white hopes to gain a tempo by playing e4 in one go. It
is interesting how many games can be found where black has simply accepted
that tempo and continued to play positions analagous with old theory a move to
the bad.} Be7 $5 {Whoops! Forgot to prepare that one! Seriously, this
apparently modest retreat is the latest word in the variation, and unless
white can improve on his ideas hitherto, it could turn out to be the last
word! The main idea is revealed in the game after 8 e4, but white has the
problem that other moves will be met with ...c5.} 8. e4 Nxe4 $1 9. Bxe7 Nxc3
10. Qf3 $5 {[%mdl 8] An absolutely outrageous novelty, and I say this without
pride. As I explained to Julian later, my queen was attacked, so I thought I
had better move it! He was not too impressed I think. It was not found at the
board, but I had noticed it a few weeks before when preparing for a relatively
unimportant game ( in which it did not arise ). It scores on visual impact,
and in the case of continued 'desparado captures' a definite logic is revealed.
However, I think Jonathan's response will ensure that it never becomes popular
(!), and I fully accept that for such a last round encounter full of various
scenarios where it would be handy to keep the draw in hand, it is little short
of mad!} (10. Bxd8 Nxd1 11. Bxc7 Nxb2 12. a4 {is 'theory', but I think I was
basically right to regard this as none too promising.} d5 13. cxd5 exd5 14. Ra2
(14. Bb5+ Nc6 15. Ra2 Rc8 $1 $132 {does not improve for white either - Wells.})
14... Nc4 15. Nxc4 dxc4 16. Bxc4 Kd7 17. Bf4 Nc6 18. d5 Nb4 19. Rb2 Nxd5 20.
Rd2 Ke6 21. O-O Rhd8 22. Bc7 Rd7 23. Re1+ Kf6 24. Be5+ Kg6 {with compensation,
but not enough to claim an advantage. 1/2-1/2 Bunzmann,D-Lutz,C/Saint Vincent
2000/CBM 78 (34)}) 10... Qc8 $1 {After a long thought. Since Jonathan's first
intention had been to take the queen it was probably a good investment.} ({
The point of my idea is that the sequence} 10... Bxf3 11. Bxd8 Kxd8 12. gxf3
Na4 13. O-O-O {[%csl Ra4] leaves the a4 knight somewhat stranded, and is black
takes the most obvious steps to address this by} c5 14. d5 exd5 15. cxd5 a6 {
then white can very quickly activate his remaining forces by means of} 16. Rg1
g5 17. f4 $44 {[%csl Yg1][%cal Yd2e4,Yg1g7,Yf1h3]}) 11. Qxc3 Kxe7 12. d5 Kf8
13. O-O-O {[%csl Rf8,Rh8] All as planned. I wasn't particularly excited about
white's position, but I believed that the compensation should suffice. I would
now say rather that if white plays accurately he has good chances to equalise!}
d6 $1 {Of course further pawn snatching would be unwarranted. I had planned} (
13... exd5 $6 14. cxd5 Bxd5 15. Ne4 Bxe4 16. Qb4+ $44 {with very serious play.}
) 14. Ne4 $2 {[%csl Re4][%cal Gb8d7,Gd7f6,Gf6e4] Simply too pretty and a very
serious mistake in my thinking. I really don't know if I defending the d-pawn
was part of the motivation here, but it is rarely wise for black to shatch it,
and meanwhile this 'beautifully centralised' piece is simply vulnerable to
black's only real defensive plan of ...Qd8 and ...Nd7-f6. I was guilty here of
not thinking my opponent's options through here and hence not realising how
narrow they were.} (14. f4 $1 {with similar ideas to the game was a big
improvement.} exd5 15. cxd5 Bxd5 16. Nc4 $44) 14... Nd7 15. f4 Qd8 $1 {[%cal
Gd7f6]} 16. Be2 Nf6 17. Ng3 (17. Nxf6 Qxf6 18. Qxf6 gxf6 {offers some
structural compensation, but it is clearly white struggling for equality.})
17... exd5 18. Bf3 c5 $1 {Seizing the opportunity to ensure that the extra
pawn will be a confident rather than a backward specimen.} ({I had been hoping
for} 18... Ne4 19. Bxe4 dxe4 20. Nh5 {which might also favour black in theory,
but gives white pretty fair attacking chances in practice.}) 19. Bxd5 Bxd5 20.
cxd5 Qd7 21. Rhe1 Re8 22. Kb1 h5 $1 $17 {[%cal Gh5h4,Gh8h5] Excellent lateral
development of the rook. Jonathan's play has been confident and pragmatic.} 23.
Qd3 h4 24. Rxe8+ $138 Kxe8 $6 {Allows me some hope. Why not} (24... Nxe8 25.
Nf5 Rh5 $17) 25. Nf5 Kf8 26. Re1 Rh5 27. Ne7 Ng8 28. Nc6 Qf5 29. Qxf5 Rxf5 30.
Nxa7 Rxd5 31. Nc8 $1 Nf6 (31... b5 $2 32. Nb6 $132) 32. Nxb6 Rd4 $15 {[%csl
Rb6]} 33. g3 h3 $1 {[%csl Rh2,Gh3]} 34. Kc2 Rb4 35. Nc8 Rc4+ 36. Kb3 Rb4+ 37.
Kc2 d5 38. Nd6 $2 $138 (38. Ne7 $5) 38... g6 39. b3 Rb6 40. Nc8 Rc6 41. Ne7 Rc7
{[%csl Re7]} 0-1

[Event "SWE-ch"]
[Site "Linkoping"]
[Date "2001.07.06"]
[Round "6"]
[White "Hillarp Persson, Tiger"]
[Black "Carlsson, Pontus"]
[Result "1-0"]
[WhiteElo "2486"]
[BlackElo "2316"]
[Annotator "Ziegler,A"]
[PlyCount "142"]
[EventDate "2001.06.30"]
[EventType "tourn"]
[EventRounds "13"]
[EventCountry "SWE"]
[EventCategory "8"]
[SourceTitle "CBM 085"]
[Source "ChessBase"]
[SourceDate "2001.11.13"]
[SourceVersion "1"]
[SourceVersionDate "2001.11.13"]
[SourceQuality "1"]

1. d4 e6 2. Nf3 Nf6 3. c4 b6 4. Nc3 Bb4 5. Bg5 Bb7 6. Nd2 h6 7. Bh4 Bxc3 8.
bxc3 d6 9. a4 {Tiger plockar upp ett äss ur rockärmen. här spelas annars:} (9.
f3 {Med centrumexpansion.}) {Svart kan i praktiken inte förhindra a5. Om han
spelar ...a5 själv så kommer b6 bli svagt eftersom svart får svårt att klara
sig utan ...c5. Och att ställa en bonde på a5 tar bort den egna möjligheten
att ställa springaren där.} 9... c5 (9... Nc6 {Med idén Sa6 kan vara ett sätt
att stoppa vits plan, men man stoppar mest sig själv eftersom springaren
blockerar c-bonden. Vit kan fortsätta med:} 10. e4 {Och vit fick spelat e4
utan att behöva spela f3.}) 10. a5 Nbd7 11. Qa4 Rc8 12. f3 {[#]} d5 {Det här
är suspekt, vit vill att några bönder skall bytas bort.} (12... O-O) 13. e3 O-O
14. cxd5 exd5 15. Bf2 cxd4 ({Svart kunde även söka sig till ett spel som
påminner om 4.Dc2-varianten.} 15... Re8) 16. cxd4 Rc3 {Svart aktiverar tornet,
men ett ensamt torn kan normalt inte uträtta något.} 17. a6 Ba8 18. Qb4 Qc7 19.
Rd1 Rc1 20. Bd3 Rxd1+ 21. Kxd1 Re8 ({Har man sagt A skall man säga B. Nu är
det c-linjen som gäller.} 21... Rc8) 22. Nb1 b5 $2 {Pontus är slarvig med
materialet för andra gången i turneringen. Men det är bra att han kör hårt. En
förlust idag blir två vinster imorgon. Det gäller att lära sig var gränserna
går. Felet med draget är att vit får linjer på damflygeln när väl a- och
b-bönderna bytts av. Det vill säga: Även om man lyckas hålla i materialet
förlorar man partiet.} (22... Rc8) 23. Nc3 Nb8 24. Nxb5 Qb6 25. Kd2 Nxa6 26.
Qa3 {[#] Det ser ut som om svart har återställt den materiella balansen men
vits tryck mot a7 är för hårt.} Bc6 ({Att hålla i bonden leder till förlust
efter:} 26... Re6 27. Rb1 Ne8 28. Nc3 Qc6 29. Qxa6 Qxa6 30. Bxa6 Rxa6 31. Rb8
Bc6 32. e4) 27. Rb1 Bxb5 {Enda draget.} 28. Rxb5 Qe6 29. Rb7 Nb8 {Enda draget.}
30. Rxa7 g6 31. Ra8 Nbd7 32. Bb5 Rxa8 33. Qxa8+ Kg7 34. Qc6 Qe7 {[#] Svart
står väldigt solitt och det krävs både finurlighet och tålamod för att kunna
vinna detta.} 35. Qc3 Qd8 36. Bg3 Qb6 37. Bd3 Qa7 38. Qb2 Qa5+ 39. Ke2 Qa7 40.
Bd6 Qa8 41. g4 {Det är rätt. Eftersom springarna är långsamma behöver vit inte
vara orolig för kungen. Med böndern högt upp på banan minskas springarnas
flexibilitet. Problemet med springarparet mot löparparet när löparparet har
flexibla bönder är att springarna inte kan förbättra sina positioner.} Qc6 42.
Bg3 Kh7 43. h3 Kg7 44. Kf1 Kh7 45. Bf2 Nb6 46. Qc2 Qe6 47. Kg2 h5 {Svart orkar
inte avvakta utan tar ett falrigt beslut.} 48. g5 Ne8 49. e4 Nd6 50. Qc6 Ndc8
51. Qxe6 fxe6 {[#] Svart har alltjämt två bondeöar. Men nu kan han knappast
tillåta sig en ställning med exd5 exd5 eftersom det då skulle vara ganska
långt mellan svagheterna (d5 och g6). Detta innebär att en springare hela
tiden måste gardera d5, vilket inte är bra när det krävs snabba omgrupperingar.
Om han slår på e4 har han alltjämt två bondeöar, vilket inte skulle vara
fallet om bonden stod kvar på f7.} 52. Bg3 Kg7 53. Kf2 Kf7 54. Ke2 Ne7 55. Bb5
Nbc8 56. Bb8 Ng8 57. Bc6 (57. exd5 exd5 {Var enligt resonemanget ovan ett
alternativ, men vit föredrar helt riktigt att behålla ställningen flytande
vilket gynnar löparna. Tiger hade sett att kungen kommer in i ställningen.})
57... Nge7 58. Bd7 Nb6 59. Bb5 Nbc8 60. Kd3 Ng8 61. Kc3 Ke7 62. Bd3 {Belyser
att ett hot (exd5) ofta är starkare än dess utförande.} Kf7 63. Kb4 Nb6 64. Bd6
Nc8 65. Bc7 Na7 66. Kc5 Ne7 67. Bc2 dxe4 68. fxe4 Nec8 69. Ba4 Ke7 70. Be5 h4
71. Bf6+ Kf7 {Vi kan förstå d-bondens besvikelse. Nu var det dags att glida
fram som på en paradgata och ta emot folkets hyllningar. Men paraden blev
inställd.} 1-0